Vybrané otázky ozbrojeného konfliktu záverečná správa o výsledkoch riešenia projektu mladých učiteľov, vedeckých pracovníkov a doktorandov číslo I-14-114-00 : doba riešenia projektu - rok 2014

Salvato in:
Dettagli Bibliografici
Autore principale: Pyteľová, Klaudia, 1985-
Ente Autore: Fakulta medzinárodných vzťahov EU. Katedra medzinárodného práva
Altri autori: Galanská, Nina, Harakaľová, Dorota, 1989-, Čech, Ľubomír, 1955-, Klátik, Jaroslav
Natura: Libro
Lingua:slovacco
Pubblicazione: Bratislava 2014
Soggetti:
Tags: Aggiungi Tag
Nessun Tag, puoi essere il primo ad aggiungerne!!

MARC

LEADER 00000nam a2200000 4500
001 0212940
005 20240527093037.4
041 0 |a slo 
044 |a SK 
245 1 0 |a Vybrané otázky ozbrojeného konfliktu  |b záverečná správa o výsledkoch riešenia projektu mladých učiteľov, vedeckých pracovníkov a doktorandov číslo I-14-114-00 : doba riešenia projektu - rok 2014  |c zodpovedný riešiteľ: Klaudia Pyteľová, spoluriešitelia: Nina Galanská, Dorota Harakaľová ; oponenti: Ľubomír Čech, Jaroslav Klátik 
264 1 |a Bratislava  |c 2014 
300 |a 8 s.  |e 12 príl. 
610 2 0 |a konflikty medzinárodné 
610 2 0 |a právo 
610 2 0 |a právo medzinárodné 
610 2 0 |a vzťahy medzinárodné 
100 1 |a Pyteľová, Klaudia, 1985- 
700 1 |a Galanská, Nina 
700 1 |a Harakaľová, Dorota, 1989- 
700 1 |a Čech, Ľubomír, 1955- 
700 1 |a Klátik, Jaroslav 
710 2 |a Fakulta medzinárodných vzťahov EU. Katedra medzinárodného práva